000 00596nam a2200145Ia 4500
008 100204s9999 xx 000 0 und d
082 _b13338
100 _aटिपणीस गोविंद गोपाळ
245 _aकौटिलीय अर्थशास्त्र प्रदीप
260 _b"वरदा बुक्स , पुणे"
_c1990 2
300 _a207
630 _aकौटिलीय अर्थशास्त्र प्रदीप
730 _aकौटिलीय अर्थशास्त्र प्रदीप
942 _cBOOK
999 _c457770
_d457767